| 000 | 00000nam 2200000zi 4500 |
| 001 | 9.898147 |
| 003 | CaOODSP |
| 005 | 20240715112005 |
| 006 | m o d f |
| 007 | cr |n||||||||| |
| 008 | 210330e19761217onc o f000 0|eng d |
| 040 | |aCaOODSP|beng|erda|cCaOODSP |
| 043 | |an-cn---|an-cn-nf |
| 086 | 1 |aRE22-31/1976E-PDF |
| 245 | 00|aCanada/Newfoundland General Development Agreement : |bjoint review. |
| 264 | 1|a[Ottawa] : |bRegional Economic Expansion Canada = Expansion économique régionale Canada, |cDecember 17, 1976. |
| 300 | |a1 online resource (49 pages) |
| 336 | |atext|btxt|2rdacontent |
| 337 | |acomputer|bc|2rdamedia |
| 338 | |aonline resource|bcr|2rdacarrier |
| 500 | |aDigitized edition from print [produced by Innovation, Science and Economic Development Canada]. |
| 650 | 0|aRegional planning|zNewfoundland and Labrador. |
| 650 | 0|aRegional planning|zCanada. |
| 650 | 6|aAménagement du territoire|zTerre-Neuve-et-Labrador. |
| 650 | 6|aAménagement du territoire|zCanada. |
| 651 | 0|aNewfoundland and Labrador|xEconomic policy. |
| 651 | 0|aCanada|xEconomic policy. |
| 651 | 6|aTerre-Neuve-et-Labrador|xPolitique économique. |
| 651 | 6|aCanada|xPolitique économique. |
| 710 | 1 |aCanada. |bDepartment of Regional Economic Expansion, |eissuing body. |
| 856 | 40|qPDF|s1.70 MB|uhttps://publications.gc.ca/collections/collection_2024/isde-ised/re22/RE22-31-1976-eng.pdf |